Dovozná daň.

Dovozná daň bola zavedená od 1. januára 1992 zákonom FZ ČSFR č. 530/1991 Zb. Hlavným účelom zákona je zdaniť tovary, dovážané podnikateľmi, ktorí nie sú zapísaní v obchodnom registri a teda nie sú platiteľmi dane z obratu. Charakteristika platiteľov dovoznej dane, tovaru, ktorý jej podlieha, sadzieb...

ver descrição completa

Na minha lista:
Detalhes bibliográficos
Autor principal: Rybánsky, Ľudovít
Formato: Capítulo de Livro
Idioma:eslovaco
Assuntos:
Tags: Adicionar Tag
Sem tags, seja o primeiro a adicionar uma tag!

MARC

LEADER 00000naa a2200000 4500
001 r007629
005 20220831085520.2
041 0 |a slo 
044 |a [CS] 
245 1 0 |a Dovozná daň.  |c Ľudovít Rybánsky 
520 |a Dovozná daň bola zavedená od 1. januára 1992 zákonom FZ ČSFR č. 530/1991 Zb. Hlavným účelom zákona je zdaniť tovary, dovážané podnikateľmi, ktorí nie sú zapísaní v obchodnom registri a teda nie sú platiteľmi dane z obratu. Charakteristika platiteľov dovoznej dane, tovaru, ktorý jej podlieha, sadzieb a systému dovoznej dane. Splatnosť dovoznej dane. 
610 2 0 |a dane 
610 2 0 |a ČSFR 
610 2 0 |a dovoz 
610 2 0 |a register obchodný 
610 2 0 |a podnikatelia 
100 1 |a Rybánsky, Ľudovít